000 00530cam a22002171 4500
001 sa 66006822
003 DLC
005 20260227112259.0
008 890721s1963 ii 000 0 hino
010 _asa 66006822
035 _a(OCoLC)20053222
040 _aDLC
_cWaU
_dDLC
042 _apremarc
050 0 0 _aPK2098.19.I9
_bM3
100 1 _aDivākara, Ballabheśa,
_d1932-
245 1 0 _aMaiṃ gīta sunātā jāūn̐gā.
260 _c[1963]
300 _a8, 100 p.
_c22 cm.
500 _aIn Hindi.
500 _aPoems.
999 _c70755
_d70755